BIBLIOTECA

SENCICO

Implantación estratégica del ISO 900 (Registro nro. 1569)

Detalles MARC
000 -LEADER
fixed length control field 00546nam a2200229Ia 4500
005 - DATE AND TIME OF LATEST TRANSACTION
control field 20251020182515.0
008 - FIXED-LENGTH DATA ELEMENTS--GENERAL INFORMATION
fixed length control field 200515s9999 xx 000 0 und d
020 ## - INTERNATIONAL STANDARD BOOK NUMBER
International Standard Book Number 9972-42-517-7
082 ## - DEWEY DECIMAL CLASSIFICATION NUMBER
Classification number 658.652.90/A37
100 ## - MAIN ENTRY--PERSONAL NAME
Personal name Servat, Alberto alexander
245 #0 - TITLE STATEMENT
Title Implantación estratégica del ISO 900
260 ## - PUBLICATION, DISTRIBUTION, ETC.
Place of publication, distribution, etc. Lima
260 ## - PUBLICATION, DISTRIBUTION, ETC.
Name of publisher, distributor, etc. PUCP. CENTRUM
260 ## - PUBLICATION, DISTRIBUTION, ETC.
Date of publication, distribution, etc. 2003
300 ## - PHYSICAL DESCRIPTION
Other physical details tbls.
500 ## - GENERAL NOTE
General note 1 ejemplar
650 ## - SUBJECT ADDED ENTRY--TOPICAL TERM
Topical term or geographic name entry element CALIDAD
650 ## - SUBJECT ADDED ENTRY--TOPICAL TERM
Topical term or geographic name entry element CONTROL DE CALIDAD
650 ## - SUBJECT ADDED ENTRY--TOPICAL TERM
Topical term or geographic name entry element NORMA ISO 9000
942 ## - ADDED ENTRY ELEMENTS (KOHA)
Koha item type Libros
Existencias
Fecha de la última vez que lo usaron Pago total Signatura topográfica completa Código de barras Precio efectivo desde Tipo de documento Estado perdido Estado dañado No es para préstamo Retirado Ubicación permanente Ubicación actual Fecha de adquisición
15/05/2020   658.652.90/A37 Bib-Lima15051569 15/05/2020 Libros         Biblioteca Central Lima Biblioteca Central Lima 15/05/2020